The dead of night #2/ by John Marsden.
Available copies
- 1 of 1 copy available at LARL/NWRL Consortium.
Current holds
0 current holds with 1 total copy.
Show Only Available Copies
| Location | Call Number / Copy Notes | Barcode | Shelving Location | Status | Due Date |
|---|---|---|---|---|---|
| Godel Memorial-Warren Library | ya MAR (Text) | 35500002563110 | Main | Available | - |
Record details
- ISBN: 0395837340
- Physical Description: 278 p. ; 22 cm.
- Publisher: Boston : Houghton Mifflin Co., 1997.
Content descriptions
| General Note: | Sequel to: Tomorrow, when the war began. |
| Summary, etc.: | Six determined Australian teenagers try to find ... Read More |
Search for related items by subject
| Subject: | Survival > Fiction. Australia > Fiction. |
| Genre: | War stories. |
Search for related items by series
| LDR | 01025cam a22002778a 4500 | ||
|---|---|---|---|
| 001 | 22229 | ||
| 003 | LARL_NWRL_CONSORTIUM | ||
| 005 | 19980112134100.4 | ||
| 008 | 960701s1997 mau c 000 1 eng | ||
| 020 | . | ‡a0395837340 | |
| 035 | . | ‡a(OCoLC)35085097 | |
| 035 | 0 | 0. | ‡iLCMARC/AUR-6747/KRLTECH2 |
| 082 | 0 | 0. | ‡a[Fic] ‡220 |
| 100 | 1 | . | ‡aMarsden, John, ‡d1950- ‡0(LARL_NWRL_CONSORTIUM)95258 |
| 245 | 1 | 4. | ‡aThe dead of night ‡n#2/ ‡cby John Marsden. |
| 260 | . | ‡aBoston : ‡bHoughton Mifflin Co., ‡c1997. | |
| 300 | . | ‡a278 p. ; ‡c22 cm. | |
| 490 | 0 | . | ‡aTomorrow; ‡v2 |
| 500 | . | ‡aSequel to: Tomorrow, when the war began. | |
| 520 | . | ‡aSix determined Australian teenagers try to find their missing friends while continuing to resist the enemies who have invaded their country. | |
| 650 | 0. | ‡aSurvival ‡vFiction. | |
| 655 | 0. | ‡aWar stories. | |
| 651 | 0. | ‡aAustralia ‡vFiction. ‡0(LARL_NWRL_CONSORTIUM)163214 | |
| 901 | . | ‡a22229 ‡bOCLC ‡c22229 ‡tbiblio | |

Add to basket
Permalink
Enable Highlighting